¿Stop-and-go o go-and-fail? (Registro nro. 15925)

Detalles MARC
000 -LEADER
fixed length control field 00361 a2200121 4500
001 - CONTROL NUMBER
control field ART_2707
005 - DATE AND TIME OF LATEST TRANSACTION
control field 20260410161709.0
008 - FIXED-LENGTH DATA ELEMENTS--GENERAL INFORMATION
fixed length control field 260409a
100 1# - MAIN ENTRY--PERSONAL NAME
Personal name Albrieu, Ramiro
245 10 - TITLE STATEMENT
Title ¿Stop-and-go o go-and-fail?
700 1# - ADDED ENTRY--PERSONAL NAME
Personal name Fanelli, José María
773 0# - HOST ITEM ENTRY
Title Desarrollo económico
Related parts - Vol. 48, Nº 190/191 (jul./dic. 2008)
Record control number REV1174

No hay ítems disponibles.